NCAA Division I Men's Ice Hockey - Frozen Four Teams - Statistics

General Stats
  • This quiz has been taken 442 times
    148 since last reset
  • The average score is 30 of 43
Answer Stats
Answer % Correct
Michigan
100%
Minnesota
99%
Michigan State
98%
Boston College
93%
Boston University
91%
Denver
90%
Harvard
88%
Ohio State
88%
Wisconsin
88%
Western Michigan
85%
North Dakota
84%
Penn State
84%
Yale
83%
Maine
78%
Minnesota Duluth
78%
Colorado College
77%
Cornell
77%
Minnesota State
77%
Quinnipiac
77%
Dartmouth
74%
Massachusetts
74%
Michigan Tech
70%
Notre Dame
69%
Providence
68%
New Hampshire
67%
Northeastern
67%
St. Cloud State
65%
Union
64%
Vermont
64%
Brown
63%
Lake Superior State
60%
RIT
57%
Bowling Green
56%
Northern Michigan
54%
Massachusetts Lowell
52%
Miami
52%
Colgate
47%
Clarkson
44%
Ferris State
44%
Bemidji State
43%
University of Nebraska Omaha
43%
Rensselaer
41%
St. Lawrence
38%
No matching quizzes found
Score Distribution
Percent of People with Each Score
Percentile by Number Answered
Your Score History
You have not taken this quiz since the last reset